00883nam a2200265Ia 450000500170000000800410001702000150005810000250007324500680009825000180016630000270018449000260021150000440023753400100028165000400029165000440033165000370037570000390041226400320045133600270048333700330051033800280054304000350057108400110060620220317000737.0160601s2003 spa g 000 0 spa  a84397095601 aCoetzee, J.M.d1940-10aJuventud cJ.M. Coetzee ; traducción de Cruz Rodríguez Juiz a2a. edición a168 páginas c27 cm  aLiteratura mondadori  aSubtítulo en la carátula : Memorias tYouth142LEMBaNovela sudafricana ySiglo XX142LEMBaLiteratura sudafricana ySiglo XX142LEMBaJuventud en la literatura 1 aRodríguez Juiz, Cruzetraductor  aBarcelona bMondadoric2003 atextobtxt2rdacontent asin mediaciónbn2rdamedia avolumenbnc2rdacarrier aCO-BoRNBPbspaerdacCO-BoRNBP aN COE1